|
|
|
|
| LEADER |
00000nab a2200000 a 4500 |
| 001 |
vtls000353325 |
| 003 |
SK-MaSNL |
| 005 |
20260303170643.0 |
| 008 |
111202c1988 xo 0 slo |
| 015 |
|
|
|a SNBRA19rr/mm-uuuuu
|
| 035 |
|
|
|a CL0353447
|
| 040 |
|
|
|a SNKBUCL
|b slo
|c SNKBUCL
|e AACR2
|
| 041 |
0 |
|
|a slo
|
| 044 |
|
|
|a xo
|c SK
|
| 080 |
|
|
|a 007.52:681.323.068:621.9.06-52
|2 1981
|
| 080 |
|
|
|a 681.323.068
|2 1981
|
| 080 |
|
|
|a 621.9.06-52
|2 1981
|
| 100 |
1 |
|
|a Souček, Ján,
|d 1933-2003
|4 aut
|9 219538
|
| 245 |
1 |
0 |
|a Príspevok ku klasifikácii metód programovania priemyselných robotov
|c Ján Souček, Marián Sidor
|
| 650 |
0 |
7 |
|a priemyselné roboty
|2 snkbucl
|9 31851
|
| 650 |
0 |
7 |
|a trajektórie pohybu
|2 snkbucl
|9 1194071
|
| 650 |
0 |
7 |
|a programovanie
|2 snkbucl
|9 22041
|
| 655 |
|
7 |
|a články zo zborníkov
|2 snkbucl
|9 166140
|
| 700 |
1 |
|
|a Sidor, Marián
|4 aut
|9 514850
|
| 773 |
0 |
|
|t Programovanie minirobotov a ministrojov
|d Bratislava : Dom techniky ČSVTS, 1988
|
| 850 |
|
|
|a Slovenská národná knižnica v Martine
|a MTA001
|
| 852 |
|
|
|a SNK
|b KIS3GCP
|
| 958 |
|
|
|a RK
|
| 992 |
|
|
|a RZB
|
| 999 |
|
|
|c 2078259
|d 2080189
|